000 007140000a22002170004500
020 _a84-233-3752-9 : 55.200
082 0 4 _aG 232 P979j
100 1 _aPuig, Armand
245 1 0 _aJesús : una biografía / Armand Puig
260 _aBarcelona : Destino
300 _a661 p.
440 0 _aCol. Imago Mundi ; v. 83
500 _aIncluye: índice de autores modernos, índice de citas, índice general
505 0 0 _aEl valor de las fuentes sobre Jesús - El contexto: Galilea, Jerusalén, la religión judía - El personaje
650 1 4 _aJESUCRISTO \ Jesús
001 1827
942 _cBK
999 _c32991
_d32991
336 _atexto
_btxt
_2rdacontent
337 _2rdamedia
_asin mediación
_bn
338 _2rdacarrier
_avolumen
_bnc